| 000 | 00604nam a2200169 i 4500 | ||
|---|---|---|---|
| 001 | 165979 | ||
| 003 | ES-MaACL | ||
| 005 | 20230906213236.0 | ||
| 008 | 050913s1881 sp |||| | spa d | ||
| 245 | 0 | 0 |
_aTáctica de infantería _b: instrucción del recluta. |
| 260 |
_aMadrid : _bDepósito de la Guerra, _c1881. |
||
| 300 |
_a171 p. ; _c15 cm. |
||
| 650 | 4 |
_aInfantería- _xTáctica. _9156316 |
|
| 650 | 0 | 4 |
_aInfantería- _zEspaña. _913748 |
| 710 | 1 |
_aEspaña. _bDepósito de la Guerra. _9167579 |
|
| 852 |
_aES-MaACL _jG-9941(1) _z- Enc. hol., conservando la enc. original _z- Enc. en un vol. facticio |
||
| 999 |
_c165979 _d165979 |
||